Neural networks for pattern recognition
Saved in:
| Main Author: | |
|---|---|
| Format: | Book |
| Language: | Undetermined |
| Published: |
Oxford, Eng
Oxford Univ. Press
1995
|
| Subjects: | |
| Tags: |
Add Tag
No Tags, Be the first to tag this record!
|
| Institutions: | Trung tâm Học liệu Trường Đại học Cần Thơ |
|---|
| LEADER | 00537nam a2200181Ia 4500 | ||
|---|---|---|---|
| 001 | CTU_58081 | ||
| 008 | 210402s9999 xx 000 0 und d | ||
| 082 | |a 006.4 | ||
| 082 | |b B622 | ||
| 100 | |a Christopher M. Bishop | ||
| 245 | 0 | |a Neural networks for pattern recognition | |
| 245 | 0 | |c Christopher M. Bishop | |
| 260 | |a Oxford, Eng | ||
| 260 | |b Oxford Univ. Press | ||
| 260 | |c 1995 | ||
| 650 | |a neural networks ( computer science ),pattern recognition | ||
| 904 | |i Minh | ||
| 980 | |a Trung tâm Học liệu Trường Đại học Cần Thơ | ||